000 00493nam a2200181Ia 4500
008 151202s9999||||xx |||||||||||||| ||und||
082 _bPNVM-31067
100 _aाारप नारायण.
245 _aभयकथा.
260 _bराजा फडणीस.
260 _c1975
300 _a212
600 _aाारप नारायण.
630 _aभयकथा.
700 _aाारप नारायण.
730 _aभयकथा.
942 _cBOOK
999 _c1297029
_d1297026